000 00671nam a2200217Ia 4500
005 20241129110951.0
008 241129s9999||||xx |||||||||||||| ||und||
020 _a978-0-8261-2987-1
037 _aTB
040 _aCRL
_beng
_cCRL
041 _aeng
_2eng
084 _aL:4:6 Q6
_qCRL
100 _aBurg Mary Ann Au.; Oyama Oliver Au.
_9722991
245 0 _aBehavioral health specialist in primary care: skills for integrated practice
_cBurg Mary Ann Au.; Oyama Oliver Au.
260 _aNew Delhi, USA
_bSpringer Publishing
_c2016
300 _axiii,322p.
365 _aUSD
_b70
650 _aMedicine
942 _cTB
_hL:4:6 Q6
999 _c1228321
_d1228321